000 00586cam a2200181 a 4500
020 _a0340652853
082 0 0 _a005.13/3
_bMAR
_cMCE-L-39 ,P-180
100 1 _aMarris, Terry.
_936655
245 1 0 _aDiving into C :
_ba first course /
_cTerry Marris.
260 _aLondon :
_bArnold,
_c1996.
300 _avii, 261 p. ;
_c25 cm. +
_e1 computer disk (3 1/2 in.)
500 _aComputer disk in wallet inside back cover.
500 _aIncludes index.
526 _a0
_b0
_c0
_d005_133000000000000_MAR
650 0 _aC (Computer program language)
_91226
650 0 _aMCE
_9379
942 _2ddc
_cBK
999 _c541664
_d541664